000
00324nam a22001337a 4500
008
250416b |||||||| |||| 00| 0 eng d
020
_a
0679726993
050
_a
HD8066
_b
.W67
100
_a
GUTMAN, G. Herbert
245
_a
Who Built America
260
_a
New York
_b
Library of Congress
_c
1989
300
_a
606p.
942
_c
BK
999
_c
3015
_d
3015